The brothers Karamazov / (Record no. 84044)
[ view plain ]
| 000 -LEADER | |
|---|---|
| fixed length control field | 00760nam a2200241 a 4500 |
| 001 - CONTROL NUMBER | |
| control field | 84044 |
| 003 - CONTROL NUMBER IDENTIFIER | |
| rucl marc code | BD-RjUL |
| 005 - DATE AND TIME OF LATEST TRANSACTION | |
| control field | 20241023151348.0 |
| 008 - FIXED-LENGTH DATA ELEMENTS--GENERAL INFORMATION | |
| fixed length control field | 240926r19671958enk 000 1 eng d |
| 035 ## - SYSTEM CONTROL NUMBER | |
| System control number | (BD-RjUL)84044 |
| 040 ## - CATALOGING SOURCE | |
| Original cataloging agency | BD-RjUL |
| Language of cataloging | eng |
| Transcribing agency | BD-RjUL |
| Modifying agency | BD-RjUL |
| 041 1# - LANGUAGE CODE | |
| Language code of original | rus |
| Language code of text/sound track or separate title | eng |
| 082 ## - DEWEY DECIMAL CLASSIFICATION NUMBER | |
| Edition number | 23 |
| Classification number | 891.73 |
| Author mark and year | DOB 1967 |
| 100 1# - MAIN ENTRY--PERSONAL NAME | |
| Personal name | Dostoyevsky, Fyodor, |
| Dates associated with a name | 1821-1881. |
| 9 (RLIN) | 189625 |
| 245 14 - TITLE STATEMENT | |
| Title | The brothers Karamazov / |
| Statement of responsibility, etc. | Fyodor Dostoevsky ; translated by David Magarshack |
| 260 ## - PUBLICATION, DISTRIBUTION, ETC. (IMPRINT) | |
| Place of publication, distribution, etc. | Harmndsworth : |
| Name of publisher, distributor, etc. | Penguin Books ltd. |
| Date of publication, distribution, etc. | 1958, [reprinted 1967] |
| 300 ## - PHYSICAL DESCRIPTION | |
| Pagination | V.; |
| Size | 19 cm. |
| 505 ## - FORMATTED CONTENTS NOTE | |
| Formatted contents note | Vol. 1 --Vol. 2 -- |
| 650 ## - SUBJECT ADDED ENTRY--TOPICAL TERM | |
| Topical term or geographic name as entry element | Russian fiction |
| 9 (RLIN) | 187915 |
| Topical term or geographic name as entry element | Fathers and sons |
| General subdivision | Fiction. |
| 9 (RLIN) | 194404 |
| 700 ## - ADDED ENTRY--PERSONAL NAME | |
| Personal name | Magarshack, David |
| 942 ## - ADDED ENTRY ELEMENTS (KOHA) | |
| Source of classification or shelving scheme | Dewey Decimal Classification |
| Koha item type | Books |
| Lost status | Source of classification or shelving scheme | Damaged status | Not for loan | Collection code | Permanent Location | Current Location | Shelving location | Date acquired | Source of acquisition | Total Checkouts | Full call number | Date last seen | Copy number | Koha item type |
|---|---|---|---|---|---|---|---|---|---|---|---|---|---|---|
| Dewey Decimal Classification | Not For Loan | Fiction | Central Library, University of Rajshahi | Central Library, University of Rajshahi | Reading Room | 19/09/2024 | R.U. | 891.73 DOB V-2 1967 | 26/09/2024 | C-1 | Books | |||
| Dewey Decimal Classification | Not For Loan | Fiction | Central Library, University of Rajshahi | Central Library, University of Rajshahi | Reading Room | 19/09/2024 | R.U. | 891.73 DOB V-1 1967 | 23/10/2024 | C-1 | Books |